000 00412 a2200145 4500
020 _a0721600115
050 _aRT81.5
_b.B87 2003
100 _aBurns, Nancy.
_96036
245 _aUnderstanding nurse research /
_cNancy Burns, PhD.; Susan K Grove.
250 _a3rd ed.
260 _aPhiladelphia :
_bSaunders,
_cc2003.
300 _axv, 512 p. :
_bill. ;
_c23cm
504 _aIncludes index.
942 _2lcc
_cBK
_n0
_01
999 _c3310
_d3310